| 000 | 01426pam a2200421 a 4500 | ||
|---|---|---|---|
| 001 | 1951 | ||
| 003 | FISKH | ||
| 005 | 20231027144310.0 | ||
| 008 | 840313s1985 nyua j 000 0 eng | ||
| 010 | _a 84005736 | ||
| 020 | _a9780590436144 | ||
| 020 | _a9780688099336 | ||
| 040 |
_aDLC _beng _cDLC _dDLC |
||
| 042 | _alcac | ||
| 050 | 0 | 0 |
_aQA141.3 _b.S45 1985 |
| 082 | 0 | 0 |
_a513/.2 _219 |
| 100 | 1 | _aSchwartz, David M. | |
| 245 | 1 | 0 |
_aHow much is a million? / _cby David M. Schwartz ; pictures by Steven Kellogg. |
| 260 |
_aNew York : _bHarper Collins, _c1985. |
||
| 300 |
_a40 unnumbered pages : _bcolor illustrations ; _c28 cm |
||
| 505 | _aO | ||
| 520 | _aText and pictures try to make possible the conceptualization of a million, a billion, and a trillion. | ||
| 521 | 8 |
_a640
_bLexile AD |
|
| 521 | 8 |
_aO
_bRaz-Plus |
|
| 650 | 0 |
_aMillion (The number) _vJuvenile literature. |
|
| 650 | 0 |
_aBillion (The number) _vJuvenile literature. |
|
| 650 | 0 |
_aTrillion (The number) _vJuvenile literature. |
|
| 650 | 1 | _aMillion (The number) | |
| 650 | 1 | _aBillion (The number) | |
| 650 | 1 | _aTrillion (The number) | |
| 650 | 1 | _aNumber concept. | |
| 700 | 1 |
_aKellogg, Steven, _eillustrator |
|
| 710 | 2 |
_aJuvenile Collection (Library of Congress) _5DLC |
|
| 906 |
_a7 _bcbc _corignew _d1 _eocip _f19 _gy-gencatlg |
||
| 942 |
_2ddc _cBK _n0 |
||
| 999 |
_c1951 _d1951 |
||